<?xml version="1.0" encoding="UTF-8"?>
<collection xmlns="http://www.loc.gov/MARC21/slim">
 <record>
  <leader>02604nam a22002897a 4500</leader>
  <controlfield tag="001">NCT_42372</controlfield>
  <controlfield tag="008">180615b        xxu||||| |||| 00| 0 vie d</controlfield>
  <datafield tag="999" ind1=" " ind2=" ">
   <subfield code="c">2033</subfield>
   <subfield code="d">2033</subfield>
  </datafield>
  <datafield tag="020" ind1=" " ind2=" ">
   <subfield code="c">269000</subfield>
  </datafield>
  <datafield tag="082" ind1="0" ind2="4">
   <subfield code="2">23rd ed.</subfield>
   <subfield code="a">658.834</subfield>
   <subfield code="b">Ph549</subfield>
  </datafield>
  <datafield tag="100" ind1="1" ind2=" ">
   <subfield code="a">Kotler, Philip</subfield>
  </datafield>
  <datafield tag="245" ind1="1" ind2="0">
   <subfield code="a">Nguyên lý tiếp thị =</subfield>
   <subfield code="b"> Principles of marketing</subfield>
   <subfield code="c">Philip Kotler ; Lại Hồng Vân, Kim Phượng (dịch)</subfield>
  </datafield>
  <datafield tag="260" ind1=" " ind2=" ">
   <subfield code="a">H.</subfield>
   <subfield code="b">Lao động Xã hội</subfield>
   <subfield code="c">2012</subfield>
  </datafield>
  <datafield tag="300" ind1=" " ind2=" ">
   <subfield code="a">778 tr.</subfield>
   <subfield code="c">27cm</subfield>
  </datafield>
  <datafield tag="520" ind1="3" ind2=" ">
   <subfield code="a">Nguyên lý tiếp thị (Principles Of Marketing) là một trong những cuốn sách kinh điển nhất gối đầu giường cho các nhà quản trị tiếp thị trên thế giới. Suốt nhiều thập kỉ qua, cùng với tốc độ thay đổi nhanh chóng trong đời sống xã hội, thực tiễn kinh doanh cũng như công nghệ, cuốn sách giáo khoa kinh điển này liên tục được cập nhật nhằm giúp bạn đọc nắm bắt được những thông tin mới nhất diễn ra trong lĩnh vực tiếp thị để áp dụng vào thực tế. Sách cho thấy tâm huyết của các tác giả trong việc cập nhật những thông tin mới nhất xoay quanh các vấn đề tiếp thị.</subfield>
  </datafield>
  <datafield tag="653" ind1=" " ind2=" ">
   <subfield code="a">Quan hệ công chúng</subfield>
  </datafield>
  <datafield tag="700" ind1="1" ind2=" ">
   <subfield code="a">Armstrong , Gary</subfield>
  </datafield>
  <datafield tag="700" ind1="1" ind2=" ">
   <subfield code="a">Lại Hồng Vân</subfield>
   <subfield code="e">Dịch</subfield>
  </datafield>
  <datafield tag="700" ind1="1" ind2=" ">
   <subfield code="a">Kim Phượng</subfield>
   <subfield code="e">Dịch</subfield>
  </datafield>
  <datafield tag="942" ind1=" " ind2=" ">
   <subfield code="2">ddc</subfield>
   <subfield code="c">BK</subfield>
  </datafield>
  <datafield tag="952" ind1=" " ind2=" ">
   <subfield code="0">0</subfield>
   <subfield code="1">0</subfield>
   <subfield code="2">ddc</subfield>
   <subfield code="4">0</subfield>
   <subfield code="6">658_834000000000000_PH549</subfield>
   <subfield code="7">0</subfield>
   <subfield code="9">10893</subfield>
   <subfield code="a">000001</subfield>
   <subfield code="b">000001</subfield>
   <subfield code="d">2018-06-15</subfield>
   <subfield code="l">2</subfield>
   <subfield code="o">658.834 Ph549</subfield>
   <subfield code="p">MD.08119</subfield>
   <subfield code="r">2020-09-11</subfield>
   <subfield code="s">2019-11-05</subfield>
   <subfield code="v">269000.00</subfield>
   <subfield code="w">2018-06-15</subfield>
   <subfield code="y">BK</subfield>
  </datafield>
  <datafield tag="952" ind1=" " ind2=" ">
   <subfield code="0">0</subfield>
   <subfield code="1">0</subfield>
   <subfield code="2">ddc</subfield>
   <subfield code="4">0</subfield>
   <subfield code="6">658_834000000000000_PH549</subfield>
   <subfield code="7">0</subfield>
   <subfield code="9">10894</subfield>
   <subfield code="a">000001</subfield>
   <subfield code="b">000001</subfield>
   <subfield code="d">2018-06-15</subfield>
   <subfield code="o">658.834 Ph549</subfield>
   <subfield code="p">MD.08867</subfield>
   <subfield code="r">2018-06-15</subfield>
   <subfield code="v">269000.00</subfield>
   <subfield code="w">2018-06-15</subfield>
   <subfield code="y">BK</subfield>
  </datafield>
  <datafield tag="952" ind1=" " ind2=" ">
   <subfield code="0">0</subfield>
   <subfield code="1">0</subfield>
   <subfield code="2">ddc</subfield>
   <subfield code="4">0</subfield>
   <subfield code="6">658_834000000000000_PH549</subfield>
   <subfield code="7">0</subfield>
   <subfield code="9">10895</subfield>
   <subfield code="a">000001</subfield>
   <subfield code="b">000001</subfield>
   <subfield code="d">2018-06-15</subfield>
   <subfield code="l">1</subfield>
   <subfield code="o">658.834 Ph549</subfield>
   <subfield code="p">MD.08091</subfield>
   <subfield code="r">2019-06-13</subfield>
   <subfield code="s">2019-05-30</subfield>
   <subfield code="v">269000.00</subfield>
   <subfield code="w">2018-06-15</subfield>
   <subfield code="y">BK</subfield>
  </datafield>
  <datafield tag="952" ind1=" " ind2=" ">
   <subfield code="0">0</subfield>
   <subfield code="1">0</subfield>
   <subfield code="2">ddc</subfield>
   <subfield code="4">0</subfield>
   <subfield code="6">658_834000000000000_PH549</subfield>
   <subfield code="7">0</subfield>
   <subfield code="9">10896</subfield>
   <subfield code="a">000001</subfield>
   <subfield code="b">000001</subfield>
   <subfield code="d">2018-06-15</subfield>
   <subfield code="l">1</subfield>
   <subfield code="o">658.834 Ph549</subfield>
   <subfield code="p">MD.08094</subfield>
   <subfield code="r">2019-05-16</subfield>
   <subfield code="s">2019-05-09</subfield>
   <subfield code="v">269000.00</subfield>
   <subfield code="w">2018-06-15</subfield>
   <subfield code="y">BK</subfield>
  </datafield>
  <datafield tag="952" ind1=" " ind2=" ">
   <subfield code="0">0</subfield>
   <subfield code="1">0</subfield>
   <subfield code="2">ddc</subfield>
   <subfield code="4">0</subfield>
   <subfield code="6">658_834000000000000_PH549</subfield>
   <subfield code="7">0</subfield>
   <subfield code="9">10902</subfield>
   <subfield code="a">000001</subfield>
   <subfield code="b">000001</subfield>
   <subfield code="d">2018-06-15</subfield>
   <subfield code="o">658.834 Ph549</subfield>
   <subfield code="p">MD.08116</subfield>
   <subfield code="r">2018-06-15</subfield>
   <subfield code="v">269000.00</subfield>
   <subfield code="w">2018-06-15</subfield>
   <subfield code="y">BK</subfield>
  </datafield>
  <datafield tag="952" ind1=" " ind2=" ">
   <subfield code="0">0</subfield>
   <subfield code="1">0</subfield>
   <subfield code="2">ddc</subfield>
   <subfield code="4">0</subfield>
   <subfield code="6">658_834000000000000_PH549</subfield>
   <subfield code="7">0</subfield>
   <subfield code="9">15210</subfield>
   <subfield code="a">000001</subfield>
   <subfield code="b">000001</subfield>
   <subfield code="d">2019-01-12</subfield>
   <subfield code="l">1</subfield>
   <subfield code="o">658.834 Ph549</subfield>
   <subfield code="p">MD.14092</subfield>
   <subfield code="r">2019-05-30</subfield>
   <subfield code="s">2019-05-16</subfield>
   <subfield code="v">269000.00</subfield>
   <subfield code="w">2019-01-12</subfield>
   <subfield code="y">BK</subfield>
  </datafield>
  <datafield tag="980" ind1=" " ind2=" ">
   <subfield code="a">Thư viện Trường Đại học Nam Cần Thơ</subfield>
  </datafield>
 </record>
</collection>
